101 câu hỏi thường gặp trong sản xuất nông nghiệp Kỹ thuật trồng và chăm sóc ca cao, cà phê, tiêu, sầu riêng

Αποθηκεύτηκε σε:
Λεπτομέρειες βιβλιογραφικής εγγραφής
Κύριος συγγραφέας: Trần Văn Hòa...[et al.]
Μορφή: Βιβλίο
Γλώσσα:Undetermined
Έκδοση: Tp. HCM Trẻ 1999
Θέματα:
Ετικέτες: Προσθήκη ετικέτας
Δεν υπάρχουν, Καταχωρήστε ετικέτα πρώτοι!
Thư viện lưu trữ: Trung tâm Học liệu Trường Đại học Cần Thơ
LEADER 00664nam a2200193Ia 4500
001 CTU_34381
008 210402s9999 xx 000 0 und d
082 |a 630 
082 |b K600 
100 |a Trần Văn Hòa...[et al.] 
245 0 |a 101 câu hỏi thường gặp trong sản xuất nông nghiệp 
245 0 |b Kỹ thuật trồng và chăm sóc ca cao, cà phê, tiêu, sầu riêng 
245 0 |c Trần Văn Hòa...[et al.] 
260 |a Tp. HCM 
260 |b Trẻ 
260 |c 1999 
650 |a black pepper,cacao,coffee,durio,fruit trees 
904 |i Minh 
980 |a Trung tâm Học liệu Trường Đại học Cần Thơ